000 00427nam a22001697a 4500
005 20160615165356.0
008 160615b xxu||||| |||| 00| 0 eng d
020 _a978-81-269-1372-7
041 _aeng
082 _b7878
100 _aBuffa Elword s. and saren rakesh K
_92039
245 _aModern Production Operations Management
260 _bWiley India
_c2008
300 _a82
650 _aManagement
_9241
942 _cBK
999 _c2848
_d2847